Normal view MARC view
  • E-SELF SERVICE

Entry Topical Term

Number of records used in: 1

001 - CONTROL NUMBER

  • control field: 2353

003 - CONTROL NUMBER IDENTIFIER

  • control field: CBULib

005 - DATE AND TIME OF LATEST TRANSACTION

  • control field: 20240130103101.0

008 - FIXED-LENGTH DATA ELEMENTS

  • fixed length control field: 240130|| aca||babn | a|a d

040 ## - CATALOGING SOURCE

  • Original cataloging agency: CBULib

150 ## - HEADING--TOPICAL TERM

  • Topical term or geographic name entry element: E-SELF SERVICE